Které faktory budují zákaznickou věrnost v e-commerce?
Hlavným cieľom tohto príspevku je zhodnotiť dôležitosť online lojality v procese online nákupného správania a v prostredí e-commerce a ďalej zhodnotiť faktory, ktoré výrazne prispievajú k online lojalite. Z aktuálneho literárneho výskumu je zrejmé, že online loylita je dôležitým faktorom, ktorý ovpl...
Salvato in:
| Autore principale: | |
|---|---|
| Natura: | Capitolo di libro |
| Lingua: | ceco |
| Soggetti: | |
| Tags: |
Nessun Tag, puoi essere il primo ad aggiungerne!!
|
MARC
| LEADER | 00000naa a2200000 4500 | ||
|---|---|---|---|
| 001 | 0303054 | ||
| 005 | 20240711081237.8 | ||
| 041 | 0 | |a cze | |
| 044 | |a CZ | ||
| 245 | 1 | 0 | |a Které faktory budují zákaznickou věrnost v e-commerce? |c Veronika Večeřová |
| 520 | |a Hlavným cieľom tohto príspevku je zhodnotiť dôležitosť online lojality v procese online nákupného správania a v prostredí e-commerce a ďalej zhodnotiť faktory, ktoré výrazne prispievajú k online lojalite. Z aktuálneho literárneho výskumu je zrejmé, že online loylita je dôležitým faktorom, ktorý ovplyvňuje celý rozhodovací proces online spotrebiteľa, ako aj proces tvorby a implementácie e-stratégie. | ||
| 610 | 2 | 0 | |a obchod elektronický |
| 610 | 2 | 0 | |a zákazníci |
| 610 | 2 | 0 | |a správanie spotrebiteľa |
| 610 | 2 | 0 | |a procesy rozhodovacie |
| 610 | 2 | 0 | |a reklama |
| 100 | 1 | |a Večeřová, Veronika | |